Kho tàng truyện Trạng Việt Nam

Guardado en:
Detalles Bibliográficos
Formato: Libro
Lenguaje:Undetermined
Publicado: Hà Nội Khoa học - Xã hội 1999
Materias:
Etiquetas: Agregar Etiqueta
Sin Etiquetas, Sea el primero en etiquetar este registro!
Thư viện lưu trữ: Trung tâm Học liệu Trường Đại học Cần Thơ
LEADER 00580nam a2200169Ia 4500
001 CTU_32111
008 210402s9999 xx 000 0 und d
082 |a 398.204 
082 |b Kh400/T.1 
245 0 |a Kho tàng truyện Trạng Việt Nam 
245 0 |c Thạch Phương, Mai Hương, Nguyễn Chí Bền (sưu tầm, biên soạn) 
260 |a Hà Nội 
260 |b Khoa học - Xã hội 
260 |c 1999 
650 |a Tales,Folk literature, vietnamese,Legends 
904 |i Qhieu sửa 
980 |a Trung tâm Học liệu Trường Đại học Cần Thơ